000 00772nam a2200205Ia 4500
003 GCL
008 140319s9999 xx 000 0 ara d
020 _a540305977
040 _aGCL /
_cGCL
082 0 4 _a792.028
_bب ا
100 1 _aباركر، كليف
245 1 0 _aالالعاب المسرحية :
_bمعالجة جديدة للتدريب المسرحى /
_cباركر، كليف
260 _aالقاهرة :
_bوزارة الثقافة - مهرجان القاهرة الدولى للمسرح التجريبى ،
_c2003
300 _a483 ص ؛
_c24 سم
650 0 4 _aالاخراج المسرحى
650 0 4 _aالمسرحية
650 0 4 _aالتمثيل فى المسرح
650 0 4 _aالمسرحيات - تعليم وتدريس
942 _2ddc
_cBK
999 _c32400
_d32400